000 00496nam a2200169 i 4500
001 41030
003 ES-MaACL
005 20230906160348.0
007 t|
008 030307s1971 sp ||||1| spa d
100 1 _aCarpentier, Alejo.
_935442
245 1 4 _aLos pasos perdidos /
_cAlejo Carpentier.
260 _aBarcelona :
_bBarral,
_c1971.
300 _a276 p. ;
_c19 cm.
500 _aError de encuadernación: 33-64 pÔg. cuadernillo fuera de lugar.
852 _aES-MaACL
_jC-40163
_bR.77124
999 _c41030
_d41030